000 00384nam a2200145Ia 4500
008 231129s2005||||xx |||||||||||||| ||spa||
020 _a958-96099-9-6
040 _bspa
082 _aCo863 F395v
100 _aFerro Roberto
245 0 _aVendrĂ¡ la muerte y tendrĂ¡ tus ojos
260 _c2005
264 _aEl Malpensante
942 _2ddc
_cBKS
999 _c26167
_d26167